000 00499nam a2200205Ia 4500
001 13394
003 GE_BSU
008 181216s||||||||xx |||||||||||||| ||und||
020 _a0349107815
040 _cGE_BSU
080 _a821.111-3
100 _aGuralnick,Peter.
245 _aLast train to memphis the rise of elvis presley.
260 _aLondon.
260 _bAbacus.
260 _c1994
300 _a578p;19cm.
653 _aLast train to memphis the rise of elvis presley.
942 _cBK
999 _c46555
_d46555